Fr. Conceicao Rodrigues College of Engineering

Logic circuits (Digital Electronics) (Record no. 29655)

MARC details
000 -LEADER
fixed length control field 00264nam a2200121Ia 4500
082 ## - DEWEY DECIMAL CLASSIFICATION NUMBER
Classification number 621.395
Item number PAL
100 ## - MAIN ENTRY--PERSONAL NAME
Personal name Palan/ N.G.
245 ## - TITLE STATEMENT
Title Logic circuits (Digital Electronics)
260 ## - PUBLICATION, DISTRIBUTION, ETC.
Name of publisher, distributor, etc. Technova
Date of publication, distribution, etc. 1998
546 ## - LANGUAGE NOTE
Language note ENGLISH
654 ## - SUBJECT ADDED ENTRY--FACETED TOPICAL TERMS
Focus term logic
942 ## - ADDED ENTRY ELEMENTS (KOHA)
Koha item type BOOK
Holdings
Withdrawn status Lost status Damaged status Not for loan Collection Home library Current library Date acquired Total Checkouts Full call number Barcode Date last seen Date last checked out Price effective from Koha item type
        CRC Fr. Agnel's C.Rodrigues College of Engineering Fr. Agnel's C.Rodrigues College of Engineering 17/03/2023 1 621.395 PAL 12177 03/08/2024 16/07/2024 17/03/2023 BOOK